000 00729nam a2200241 i 4500
001 bgj
100 1 _aLEIGHTON, Jill
245 1 0 _aFun English /
_cJill Leighton, Laura Sanchez ; Izabella Hern.
260 _aHarlow, Essex :
_bLongman,
_c2003.
300 _a71 pp :
_bill. ;
_c28 cm.
650 9 _aEnglish language
650 9 _aEnglish language
_xStudy and teaching |(Elementary)
_xActivities programmes
650 9 _aEnglish language
_xProblems, exercises, etc.
655 _aTextbooks for foreign speakers
700 1 _aSANCHEZ, Laura
700 1 _aHERN, Izabella
020 _a0582789419
040 _cBPK
041 0 _aeng
920 _a0-582-78941-9
942 _cKS
008 s uk f |000 0 eng
999 _c48882
_d48882
856 _uhttp://koha.tu.koszalin.pl/cgi-bin/koha/opac-detail.pl?biblionumber=48882
_yKatalog online BPK